Top 15 Countries with Covid-19 Cases - 19 May 2021 - Statistics

General Stats
  • This quiz has been taken 29 times
  • The average score is 15 of 28
Answer Stats
country % Correct
United States
100%
India
96%
France
93%
Italy
93%
United Kingdom
93%
Germany
89%
Russia
85%
Mexico
81%
Spain
81%
Brazil
74%
Belgium
67%
Netherlands
67%
Poland
63%
Argentina
56%
Sweden
56%
Colombia
52%
Iran
52%
Turkey
44%
Czechia
37%
Hungary
30%
Israel
22%
Croatia
19%
Bahrain
15%
Lithuania
15%
Slovenia
15%
Estonia
11%
Georgia
11%
Panama
11%
No matching quizzes found
Score Distribution
Percent of People with Each Score
Percentile by Number Answered
Your Score History
You have not taken this quiz